000 00562nam a2200217Ia 4500
003 OSt
005 20220928145013.0
006 a|||||r|||| 00| 0
007 ta
008 220927b |||||||| |||| 00| 0 eng d
024 _a78216
037 _cTextual
040 _aSDCL
_cSDCL
_beng
041 _2eng
_aeng
082 _aQ7.46'N8, M2
100 _aDessouki Ali E Hillal
_9511207
245 0 _aIslamic resurgence in the Arab world.
260 _c1982
942 _hQ7.46'N8, M2
_cTEXL
_2CC
999 _c831437
_d831437